| 000 | 01800nam a2200265Ia 4500 | ||
|---|---|---|---|
| 999 |
_c56176 _d56176 |
||
| 001 | 23277 | ||
| 003 | GE_BSU | ||
| 005 | 20251113212111.0 | ||
| 008 | 181216s1991||||ge |||||||||||||| ||geo|| | ||
| 040 | _cGE_BSU | ||
| 041 | _ageo | ||
| 080 | _a94(479.22)"1921.02 თ-69 | ||
| 100 |
_aთოიძე, ლევან _91561 |
||
| 245 |
_aინტერვენციაც, ოკუპაციაც, ძალდატანებითი გასაბჭოებაც, ფაქტობრივი ანექსიაც : _bრუსეთ-საქართველოს 1921 წლის თებერვალ-მარტის ომის შეფასებისათვის / _cლევან თოიძე ; რედ. კ. ცქიტიშვილი ; მხატვ. რ. მაჭარაშვილი. |
||
| 264 |
_aთბილისი : _bივერთა მხარე, _c1991. |
||
| 300 |
_a336 გვ. ; _c20 სმ. |
||
| 500 | _aთავფურცელზე : ავტორის მინაწერი | ||
| 504 | _aბიბლიოგრაფია ტექსტის შენიშვნებში | ||
| 541 | _h16 ლ. | ||
| 653 | _aინტერვენციაც, ოკუპაციაც, ძალდატანებითი გასაბჭოებაც, ფაქტობრივი ანექსიაც | ||
| 653 | _aრუსეთ-საქართველოს 1921 წლის თებერვალ-მარტის ომის შეფასებისათვის | ||
| 700 |
_aცქიტიშვილი, კ. _eრედაქტორი _94511 |
||
| 700 |
_aმაჭარაშვილი, რ. _eმხატვარი _914885 |
||
| 942 |
_cBK _2udc |
||